[Event "Bekasi Scua op 1st"]
[Site "Bekasi"]
[Date "2022.01.16"]
[Round "8"]
[White "Suryadi, Addifa Auliya Hadib"]
[Black "Iswar, Ade"]
[Result "1/2-1/2"]
[WhiteElo "1657"]
[BlackElo "1850"]
[PlyCount "62"]
[EventDate "2022.01.12"]
[EventType "swiss"]
[EventRounds "9"]
[EventCountry "INA"]
[SourceTitle "CBM 206 Extra"]
[Source "ChessBase"]
[SourceDate "2022.03.31"]
[SourceVersion "1"]
[SourceVersionDate "2022.03.31"]
[SourceQuality "1"]

1. e4 c5 2. Nc3 d6 3. f4 a6 4. Nf3 Nc6 5. a4 Bg4 6. Be2 Nf6 7. 0-0 e6 8. d3 Be7 9. Be3 Qc7 10. h3 Bxf3 11. Bxf3 0-0 12. Ne2 Rab8 13. Qe1 b5 14. axb5 axb5 15. g4 Nd7 16. c3 Ra8 17. Qg3 Rfb8 18. g5 Rxa1 19. Rxa1 b4 20. c4 Bf8 21. f5 Nde5 22. Nf4 Nxf3+ 23. Qxf3 Ne5 24. Qg2 Qc6 25. fxe6 fxe6 26. b3 Ra8 27. Rb1 Ra3 28. Bc1 Ra7 29. Bb2 Ra2 30. h4 Ng6 31. Nxg6 hxg6 1/2-1/2